1.FC Heidenheim 1846 Squad 2024-2025 - Statistics

General Stats
  • This quiz has been taken 191 times
    156 since last reset
  • The average score is 20 of 32
Answer Stats
# Position Nation Player % Correct
1 GK Germany Kevin Müller
95%
- Coach Germany Frank Schmidt
84%
10 MF Germany Paul Wanner
84%
12 FW Georgia Budu Zivzivadze
80%
23 DF Germany Omar Traoré
80%
6 DF Germany Patrick Mainka
80%
13 DF Germany Frans Krätzig
79%
8 FW Brazil Léo Scienza
79%
18 FW Germany Marvin Pieringer
79%
31 FW Germany Sirlord Conteh
70%
3 MF Germany Jan Schöppner
68%
33 MF United States Lennard Maloney
68%
39 MF Germany Niklas Dorsch
68%
17 FW Austria Mathias Honsak
66%
29 FW Denmark Mikkel Kaufmann
66%
19 DF Germany Jonas Föhrenbach
64%
2 DF Germany Marnon Busch
64%
4 DF Germany Tim Siersleben
63%
5 DF Germany Benedikt Gimber
59%
21 MF Germany Adrian Beck
55%
11 MF Germany Denis Thomalla
55%
20 MF Germany Luca Kerber
54%
40 GK Germany Frank Feller
50%
30 MF Germany Norman Theuerkauf
50%
22 GK Germany Vitus Eicher
48%
16 MF Germany Julian Niehues
46%
34 GK Austria Paul Tschernuth
45%
27 DF Germany Thomas Keller
45%
9 FW Germany Stefan Schimmer
43%
14 FW Germany Maximilian Breunig
41%
36 MF Germany Luka Janes
36%
25 FW Germany Christopher Negele
32%
No matching quizzes found
Score Distribution
Percent of People with Each Score
Percentile by Number Answered
Your Score History
You have not taken this quiz since the last reset